National record of the American Merino Sheep Register.

Bibliographic Details
Corporate Author: American Merino Sheep Register
Format: Serial
Language:English
Published: Milwaukee : American Merino Sheep Register.
Subjects:

MARC

Tag First Indicator Second Indicator Subfields
LEADER 00000cas a2200000 4500
001 in00000039525
005 20151007081808.0
008 800425d18821885wiuuu 0uuua0eng d
035 |a (OCoLC)06245665 
035 |9 AAF6922AM 
040 |a TXA  |c TXA  |d UtOrBLW 
049 |a TXAS 
090 |a SF373.M5  |b N3 
245 0 0 |a National record of the American Merino Sheep Register. 
264 1 |a Milwaukee :  |b American Merino Sheep Register. 
300 |a 2 volumes :  |b illustrations, plates. 
336 |a text  |b txt  |2 rdacontent 
337 |a unmediated  |b n  |2 rdamedia 
338 |a volume  |b nc  |2 rdacarrier 
362 0 |a v. 1-2; 1882-85. 
500 |a Register organized June 6th, 1881, at Caldwell's Prairie, Wisconsin. 
650 0 |a Merino sheep. 
650 0 |a Sheep  |v Pedigrees. 
710 2 |a American Merino Sheep Register. 
999 |a MARS 
999 f f |s 4ec5507b-08b9-390d-ab6a-9023f0d3485f  |i df75cfbd-26d9-3bf2-a4e7-603f31b36d70  |t 0 
952 f f |p noncirc  |a Texas A&M University  |b College Station  |c Cushing Memorial Library & Archives  |d Cushing: Dykes (Does not check out)  |t 0  |e SF373.M5 N3  |h Library of Congress classification  |i unmediated -- volume  |m A14851933383 
998 f f |a SF373.M5 N3  |s v.1 (1882)  |t 0  |l Cushing: Dykes (Does not check out)